• 首页
  • 本馆介绍
  • 公告通知
  • 最新文献
  • 馆藏检索
  • 电子资源
  • 读者导购
  • 参考咨询
  • 我的图书馆
  • 登录
  • 详细信息显示
  • 放入我的书架
  • 预约/预借图书
  • 作者相关作品
  • 分类相关作品
  • 丛书相关作品
  • 出版社相关作品

书目信息

  • 表格格式
  • 工作单格式
  • 卡片格式
题名:
成就比尔·盖茨的11条准则
    
 
作者: 宿春礼 编译
分册:  
出版信息: 北京   石油工业出版社  2004
页数: 207页
开本: 21cm
丛书名:
单 册:
中图分类: B848.4-49 , K837.125.38=6
科图分类:
主题词: 成功心理学--cheng gong xin li xue--青少年读物 , 企业家--qi ye jia--人物研究--美国--现代
电子资源:
ISBN: 7-5021-4645-8
000 00959nam0 2200277 450
001 1237800015
005 20121003103128.67
010    @a7-5021-4645-8@dCNY16.80
099    @aCAL 012004086049
100    @a20040712d2004 ekmy0chiy0121 ea
101 0  @achi
102    @aCN@b110000
105    @ay z 000yy
200 1  @a成就比尔·盖茨的11条准则@9cheng jiu bi er · gai ci de 11 tiao zhun ze@f宿春礼编译
210    @a北京@c石油工业出版社@d2004
215    @a207页@d21cm
330    @a本书结合青少年读者的特点,以比尔的生平为线索,阐述引导其走向成功的人生准则有:“保持一颗积极的心,用行动开拓人生”等。
333    @a青少年及普通读者。
600  1 @a盖茨,@bB.@f1955-@x人物研究
606 0  @a成功心理学@9cheng gong xin li xue@j青少年读物
606 0  @a企业家@9qi ye jia@x人物研究@y美国@z现代
690    @aB848.4-49@v4
690    @aK837.125.38=6@v4
701  0 @a宿春礼@9su chun li@4编译
801  0 @aCN@b91MARC@c20101222
905    @a10447@dB848.4-49@eJY234
    
    成就比尔·盖茨的11条准则/宿春礼编译.-北京:石油工业出版社,2004
    207页;21cm
    使用对象:青少年及普通读者。
    
    ISBN 7-5021-4645-8:CNY16.80
    本书结合青少年读者的特点,以比尔的生平为线索,阐述引导其走向成功的人生准则有:“保持一颗积极的心,用行动开拓人生”等。
●
相关链接 在E读中查询图书 在五车中查询图书 在当当中查询图书 在豆瓣中查询图书


正题名:成就比尔·盖茨的11条准则     索取号:B848.4-49/JY234         预约/预借

序号 登录号 条形码 馆藏地/架位号 状态 备注
1 7830704   278307048   学院路分馆/ [索取号:B848.4-49/JY234] 在馆    
2 7830705   278307057   学院路分馆/ [索取号:B848.4-49/JY234] 在馆    
3 7830706   278307066   学院路分馆/ [索取号:B848.4-49/JY234] 在馆    
4 7830707   278307075   学院路分馆/ [索取号:B848.4-49/JY234] 在馆    
唐山师范学院图书馆 欢迎您!
大连网信软件有限公司© 版权所有